The analysis of fermentation acids ; the qualitative and quantitative estimation of formic, acetic, propionic, butyric and lactic acids in biological material ...

Bibliographic Details
Main Author: McNair, James Birtley, 1889-1967
Format: Book
Language:English
Published: Los Angeles : Westernlore Press, [1947]
Subjects:

MARC

Tag First Indicator Second Indicator Subfields
LEADER 00000cam a2200000 4500
001 in00000044406
005 20210501063733.0
008 770701s1947 cauac b 00000 eng
010 |a  47007013  
035 |a (OCoLC)03087812 
035 |9 AAE8828AM 
040 |a DLC  |c AGN  |d TXA  |d UtOrBLW 
049 |a TXAM  |c 1 [149342]  
050 0 0 |a QD305.A2  |b M1514 
092 |a 547.2  |b M169a 
100 1 |a McNair, James Birtley,  |d 1889-1967. 
245 1 4 |a The analysis of fermentation acids ;  |b the qualitative and quantitative estimation of formic, acetic, propionic, butyric and lactic acids in biological material ... 
264 1 |a Los Angeles :  |b Westernlore Press,  |c [1947] 
300 |a xi, 290 pages :  |b portrait, illustrations ;  |c 24 cm. 
336 |a text  |b txt  |2 rdacontent 
337 |a unmediated  |b n  |2 rdamedia 
338 |a volume  |b nc  |2 rdacarrier 
504 |a "Use of Duclaux method on various substances" (bibliography): pages 235-236. Bibliography: pages 245-277. 
650 0 |a Fatty acids. 
650 0 |a Biochemistry. 
650 0 |a Analytical chemistry  |x Quantitative. 
740 0 |a Fermentation acids. 
999 |a MARS 
999 f f |s 64f352a5-30d8-31ee-984d-a31948046ece  |i 94526da1-9d93-3b70-8e17-36ee474ca697  |t 0 
952 f f |p ric  |a Texas A&M University  |b Rellis Campus  |c Joint Library Facility  |d Remote Storage  |t 0  |e QD305.A2 M1514  |h Library of Congress classification  |i unmediated -- volume  |m A14800944340 
998 f f |a QD305.A2 M1514  |t 0  |l Remote Storage